| 000 | 00684nam a2200241Mu 4500 | ||
|---|---|---|---|
| 001 | 90638 | ||
| 005 | 20230411090049.0 | ||
| 008 | 040225s1972 xx 000 0 eng d | ||
| 035 | _a(OCoLC)ocn314326228 | ||
| 040 |
_aDEBSZ _erakwb _bger _cDEBSZ |
||
| 035 | _a(OCoLC)314326228 | ||
| 049 | _aGRAL | ||
| 100 | 1 | _aBrown, Dee. | |
| 245 | 1 | 0 |
_aBury my heart at Wounded Knee : _ban Indian history of the American West / _cby Dee Brown. |
| 250 | _a[Repr.] | ||
| 260 |
_aNew York [u.a.] : _bBantam Books, _c1972. |
||
| 300 |
_aXIII, 458 S. : _bIll., Kt. |
||
| 490 | 1 |
_aBantam books _v7077 |
|
| 830 | 0 |
_aBantam books _v7077. |
|
| 942 |
_2lcc _cbk |
||
| 994 |
_aC0 _bDRFGD |
||
| 946 | _aweb | ||
| 999 |
_c111829 _d111829 |
||